Statistics for The hard logos so impossible #1

Click here to take the quiz!

General Stats

  • This quiz has been taken 440 times
  • The average score is 11 of 15

Answer Stats

Answer% Correct
Firefox
96%
Beats
89%
Gatorade
89%
Playboy
87%
T-Mobile
87%
AT&A
83%
Channel
83%
Tide
82%
Nestle
80%
Converse
79%
Atari
74%
Firestone
64%
Yamaha
60%
Seat
48%
Knorr
47%

Score Distribution

Percentile by Number Answered

Percent of People with Each Score

Your Score History

You have not taken this quiz